[Event "Pardubice op rapid 30th"]
[Site "Pardubice"]
[Date "2019.07.18"]
[Round "5"]
[White "Shcherbin, Matvei"]
[Black "Mojzis, Jaroslav"]
[Result "1-0"]
[WhiteElo "2366"]
[BlackElo "2095"]
[PlyCount "103"]
[EventDate "2019.07.17"]
[EventType "swiss (rapid)"]
[EventRounds "9"]
[EventCountry "CZE"]
[SourceTitle "CBM 191 Extra"]
[Source "ChessBase"]
[SourceDate "2019.09.30"]
[SourceVersion "1"]
[SourceVersionDate "2019.09.30"]
[SourceQuality "1"]

1. e4 e5 2. Nf3 Nc6 3. d4 exd4 4. Nxd4 Nf6 5. Nxc6 bxc6 6. e5 Qe7 7. Qe2 Nd5 8. h4 f6 9. c4 Nb6 10. exf6 Qxe2+ 11. Bxe2 gxf6 12. Bh5+ Kd8 13. b3 d5 14. Bb2 Be7 15. Nd2 Rg8 16. 0-0-0 Bg4 17. Bxg4 Rxg4 18. g3 Kd7 19. Nf1 Bc5 20. f3 Rgg8 21. g4 f5 22. gxf5 Raf8 23. f6 Kc8 24. cxd5 cxd5 25. Rh2 d4 26. Rc2 Nd7 27. Bxd4 Bxd4 28. Rxd4 Rg1 29. Rd1 Rxf6 30. Nd2 Rxd1+ 31. Kxd1 Ne5 32. Ke2 Ng6 33. Rc4 Rf4 34. Rxf4 Nxf4+ 35. Kf2 Kd7 36. Kg3 Nd3 37. Kg4 Ke6 38. Kg5 Ke5 39. Nc4+ Ke6 40. f4 h6+ 41. Kg4 Kf6 42. Ne3 c6 43. a3 a5 44. Nc4 a4 45. bxa4 Nc5 46. a5 Na6 47. a4 c5 48. f5 Nb4 49. Ne3 Nd3 50. a6 Ne5+ 51. Kh5 Nc6 52. Kxh6 1-0

[Event "Pardubice op rapid 30th"]
[Site "Pardubice"]
[Date "2019.07.17"]
[Round "3"]
[White "Flajsman, Pavel"]
[Black "Mojzis, Jaroslav"]
[Result "1-0"]
[WhiteElo "1917"]
[BlackElo "2095"]
[PlyCount "121"]
[EventDate "2019.07.17"]
[EventType "swiss (rapid)"]
[EventRounds "9"]
[EventCountry "CZE"]
[SourceTitle "CBM 191 Extra"]
[Source "ChessBase"]
[SourceDate "2019.09.30"]
[SourceVersion "1"]
[SourceVersionDate "2019.09.30"]
[SourceQuality "1"]

1. d4 Nf6 2. Nf3 b6 3. g3 Bb7 4. Bg2 e6 5. 0-0 c5 6. c4 cxd4 7. Nxd4 Bxg2 8. Kxg2 Be7 9. Nc3 0-0 10. Kg1 a6 11. e4 d6 12. Qf3 Ra7 13. b3 Rc7 14. Bb2 Qc8 15. Rfd1 b5 16. cxb5 Rxc3 17. Qxc3 Qb7 18. bxa6 Nxa6 19. Qc6 Qa7 20. Nb5 Qa8 21. Qxa8 Rxa8 22. Nxd6 Nc5 23. e5 Nd5 24. Bd4 Nd7 25. Rdc1 Nf8 26. Rc4 h5 27. a4 f6 28. Nc8 Bd8 29. exf6 gxf6 30. b4 Kf7 31. Nd6+ Ke7 32. Nb5 Rb8 33. Bc5+ Ke8 34. Nd6+ Kd7 35. Ne4 Ng6 36. b5 Ne5 37. Rc2 Ba5 38. Bd6 Nf3+ 39. Kg2 Nd4 40. Rc4 Nb3 41. Bxb8 Nxa1 42. Nc5+ Ke7 43. Nb7 Nb3 44. Ba7 Bd2 45. Nc5 Na5 46. Rc2 Bb4 47. Nd3 Bc3 48. Bc5+ Kd7 49. Nf4 Nxf4+ 50. gxf4 Be1 51. Bb6 Nb3 52. Rc7+ Kd6 53. Rc6+ Kd7 54. Rc7+ Kd6 55. Ra7 Kd5 56. Rc7 Bd2 57. Rc2 e5 58. fxe5 fxe5 59. Be3 Ba5 60. b6 Nd4 61. Bxd4 1-0